Notas sobre el principio de subsidiariedad y el gobierno local / Luciano Parejo Alfonso
ISBN:
84-923768-5-6
Descripción Física:
50 p. ; 20 cm
Colección:
Punt de vista ; 2
MARC
| LEADER | 00000nam a2200000Ia 4500 | ||
|---|---|---|---|
| 001 | 19076 | ||
| 008 | 160829s1999 xx 000 0 cat d | ||
| 020 | |a 84-923768-5-6 | ||
| 080 | |a M-3-265 | ||
| 100 | |a Parejo Alfonso, Luciano |9 37265 | ||
| 245 | |a Notas sobre el principio de subsidiariedad y el gobierno local / Luciano Parejo Alfonso | ||
| 260 | |a Barcelona : |b Fundació Carles Pi i Sunyer d'Estudis Autonòmics i Locals, |c 1999 | ||
| 300 | |a 50 p. ; |c 20 cm | ||
| 490 | |a Punt de vista ; 2 | ||
| 650 | |a Subsidiarietat |x Comunitat Econòmica Europea, Països de la |9 44834 | ||
| 650 | 0 | |a Administració local |9 34286 | |
| 710 | 1 | |a Fundació Carles Pi i Sunyer d'Estudis Autonòmics i Locals |9 52753 | |
| 901 | |a Arxiu | ||
| 942 | |n 1 | ||
| 952 | |0 0 |1 0 |4 0 |6 M3265 |7 1 |9 52200 |a Arxiu |b Arxiu |d 2016-12-01 |l 0 |o M-3-265 |p 19076 |r 2016-12-01 00:00:00 |w 2016-12-01 |y ARXIU | ||
| 999 | |c 56048 |d 56048 | ||